LEADER 01525nas 2200481-a 450 001 996203003103316 005 20230222213018.0 011 $a2327-8234 035 $a(DE-599)ZDB2095307-0 035 $a(OCoLC)60625644 035 $a(CKB)954921373668 035 $a(CONSER)--2011235388 035 $a(EXLCZ)99954921373668 100 $a20050614b19621983 -b- a 101 0 $aeng 135 $aurun||||||||| 181 $ctxt$2rdacontent 182 $cc$2rdamedia 183 $acr$2rdacarrier 200 10$aNebraska journal of economics and business 210 $aLincoln, Neb. $cCollege of Business Administration, University of Nebraska$d1962-1983 300 $aRefereed/Peer-reviewed 300 $aRefereed/Peer-reviewed 311 $a0160-6557 517 1 $aNJEB 531 $aNEBRASKA JOURNAL OF ECONOMICS & BUSINESS 606 $aEconomics$vPeriodicals 606 $aBusiness$vPeriodicals 606 $aBusiness$2fast$3(OCoLC)fst00842262 606 $aEconomics$2fast$3(OCoLC)fst00902116 608 $aPeriodicals.$2fast 610 $aEconomic Theory 615 0$aEconomics 615 0$aBusiness 615 7$aBusiness. 615 7$aEconomics. 676 $a330/.05 712 02$aUniversity of Nebraska--Lincoln.$bCollege of Business Administration. 712 02$aUniversity of Nebraska (Lincoln campus).$bCollege of Business Administration. 906 $aJOURNAL 912 $a996203003103316 996 $aNebraska journal of economics and business$92076136 997 $aUNISA LEADER 02414oam 2200565M 450 001 9910716341803321 005 20200213070614.9 035 $a(CKB)5470000002520718 035 $a(OCoLC)1065978839 035 $a(OCoLC)995470000002520718 035 $a(EXLCZ)995470000002520718 100 $a20071213d1926 ua 0 101 0 $aeng 135 $aurcn||||||||| 181 $ctxt$2rdacontent 182 $cc$2rdamedia 183 $acr$2rdacarrier 200 10$aCollective bargaining by actors: A study of trade-unionism among performers of the English-speaking legitimate stage in America, by Paul Fleming Gemmill, Ph. D. assistant professor of economics, Wharton School, University of Pennsylvania. [U.S. Bureau of Labor Statistics Bulletin No. 402. Miscellaneous Series. February 1926.] 210 1$a[Washington, D.C.] :$c[U.S. Government Printing Office],$d1926. 215 $a1 online resource (112 pages) $ctables 225 1 $aHouse document / 69th Congress, 1st session. House ;$vno. 43 225 1 $a[United States congressional serial set ] ;$v[serial no. 8653] 300 $aTable of contents, p. III. 300 $aAppendices, p. 64. 300 $aBatch processed record: Metadata reviewed, not verified. Some fields updated by batch processes. 300 $aFDLP item number not assigned. 517 $aCollective bargaining by actors 606 $aCollective bargaining 606 $aEntertainers 606 $aIndustrial relations 606 $aContracts for work and labor 606 $aLabor unions 606 $aAssociations, institutions, etc 608 $aLegislative materials.$2lcgft 615 0$aCollective bargaining. 615 0$aEntertainers. 615 0$aIndustrial relations. 615 0$aContracts for work and labor. 615 0$aLabor unions. 615 0$aAssociations, institutions, etc. 701 $aGemmill$b Paul F$01389107 712 02$aUnited States.$bDepartment of Labor.$bBureau of Labor Statistics (1913- ) 801 0$bWYU 801 1$bWYU 801 2$bOCLCO 801 2$bOCLCQ 906 $aBOOK 912 $a9910716341803321 996 $aCollective bargaining by actors: A study of trade-unionism among performers of the English-speaking legitimate stage in America, by Paul Fleming Gemmill, Ph. D. assistant professor of economics, Wharton School, University of Pennsylvania.$93440208 997 $aUNINA